00477nam a2200181Ia 4500001000900000003000500009005001700014008004100031010001100072040000900083082001400092100002800106245007800134260002700212300001100239650002800250650001700278dia_2584CHAP20251023164306.0220117s1991 xx 000 0 und d a173102 cCHAP a663.2 M33 aMadrid Vicente, Antonio aTecnología del Vino y Bebidas Derivadas /c por Antonio Madrid Vicente aMadrid :b S.N.,c1991 a296 p. a1.Vinoxelaboración/  aViticultura.